000 00457nam a2200169Ia 4500
003 GCL
008 140319s9999 xx 000 0 ara d
040 _aGCL /
_cGCL
082 0 4 _a923.6
_bح ع
245 1 0 _aعبدالعزيز جاويش
300 _a120 ص
490 _aالالف كتاب
_v0
650 0 4 _aالمصلحون الاجتماعيون
650 0 4 _aالرجال - تراجم
650 0 4 _aعبدالعزيز جاويش
942 _2ddc
_cBK
999 _c43042
_d43042